[Event "EU-ch (Women) 6th"]
[Site "Kishinev"]
[Date "2005.06.15"]
[Round "5"]
[White "Goreskul, Alyona"]
[Black "Lematschko, Tatjana"]
[Result "1/2-1/2"]
[WhiteElo "2323"]
[BlackElo "2231"]
[PlyCount "117"]
[EventDate "2005.06.11"]
[EventType "swiss"]
[EventRounds "12"]
[EventCountry "MDA"]
[SourceTitle "CBM 106 Extra"]
[Source "ChessBase"]
[SourceDate "2005.07.01"]
[SourceVersion "1"]
[SourceVersionDate "2005.07.01"]
[SourceQuality "1"]

1. e4 g6 2. d4 Bg7 3. Nc3 c6 4. h3 d5 5. Nf3 Nf6 6. exd5 cxd5 7. Be2 0-0 8. 0-0 Nc6 9. Ne5 Be6 10. Nxc6 bxc6 11. Bf3 Qd6 12. Na4 Nd7 13. Be3 f6 14. Qd2 Bf7 15. Bg4 f5 16. Be2 e5 17. dxe5 Bxe5 18. f4 Bf6 19. Rad1 Rfe8 20. Bf3 Nb6 21. Bc5 Qb8 22. Qb4 Nc4 23. Qxb8 Raxb8 24. b3 Ne3 25. Bxe3 Rxe3 26. Rfe1 Rxe1+ 27. Rxe1 Bd4+ 28. Kf1 Re8 29. Rxe8+ Bxe8 30. Ke2 Kf7 31. c3 Bg1 32. Nb2 Ke6 33. Nd3 Bb6 34. b4 Kd6 35. Kd2 Bd7 36. Ne5 Be6 37. c4 dxc4 38. Kc3 Be3 39. Nxc4+ Bxc4 40. Kxc4 Bxf4 41. a4 Bd2 42. b5 cxb5+ 43. axb5 Ke5 44. Kd3 Bc1 45. Bb7 Kf4 46. Ke2 Kg3 47. Kf1 Be3 48. Bc6 g5 49. Bd7 Kf4 50. Ke2 Bb6 51. Bc8 h5 52. Bd7 Kg3 53. Kf1 f4 54. Bc6 g4 55. hxg4 hxg4 56. Bb7 Kh2 57. Bc6 Bd8 58. Bb7 Bg5 59. Bc6 1/2-1/2

[Event "EU-ch (Women) 6th"]
[Site "Kishinev"]
[Date "2005.06.11"]
[Round "1"]
[White "Jackova, Jana"]
[Black "Lematschko, Tatjana"]
[Result "1/2-1/2"]
[WhiteElo "2406"]
[BlackElo "2231"]
[PlyCount "93"]
[EventDate "2005.06.11"]
[EventType "swiss"]
[EventRounds "12"]
[EventCountry "MDA"]
[SourceTitle "CBM 106 Extra"]
[Source "ChessBase"]
[SourceDate "2005.07.01"]
[SourceVersion "1"]
[SourceVersionDate "2005.07.01"]
[SourceQuality "1"]

1. e4 g6 2. d4 Bg7 3. Nf3 c6 4. Bd3 d5 5. e5 Nh6 6. Bf4 f6 7. h3 0-0 8. 0-0 Qb6 9. exf6 exf6 10. Qc1 Nf7 11. Re1 Qd8 12. Nbd2 Re8 13. Rxe8+ Qxe8 14. c4 Be6 15. c5 Nd7 16. Rb1 Bh6 17. Nf1 Bxf4 18. Qxf4 Qb8 19. Qh4 Kg7 20. N3h2 Nf8 21. f4 g5 22. fxg5 fxg5 23. Qf2 Qf4 24. Ng3 Qxf2+ 25. Kxf2 Ng6 26. Nf5+ Bxf5 27. Bxf5 Re8 28. g3 Nh6 29. Bd3 Rf8+ 30. Kg2 Ne7 31. Re1 Nef5 32. Bxf5 Nxf5 33. Nf3 Kf6 34. g4 Ng7 35. Ne5 Re8 36. Rf1+ Ke6 37. Nf7 h6 38. Nxh6 Kd7 39. Kg3 Re3+ 40. Rf3 Rxf3+ 41. Kxf3 Ke6 42. Kg3 Kf6 43. h4 gxh4+ 44. Kxh4 Kg6 45. Ng8 Kf7 46. Nh6+ Kg6 47. Ng8 1/2-1/2

[Event "Mitropa Cup (Women)"]
[Site "Steinbrunn"]
[Date "2005.05.29"]
[Round "9"]
[White "Ragger, Anna Christina"]
[Black "Lematschko, Tatjana"]
[Result "1/2-1/2"]
[WhiteElo "2116"]
[BlackElo "2231"]
[PlyCount "97"]
[EventDate "2005.05.21"]
[EventType "team-tourn"]
[EventRounds "9"]
[EventCountry "AUT"]
[SourceTitle "CBM 106 Extra"]
[Source "ChessBase"]
[SourceDate "2005.07.01"]
[SourceVersion "1"]
[SourceVersionDate "2005.07.01"]
[SourceQuality "1"]
[WhiteTeam "Austria (W)"]
[BlackTeam "Switzerland (W)"]
[WhiteTeamCountry "AUT"]
[BlackTeamCountry "SUI"]

1. e4 g6 2. d4 Bg7 3. Nc3 c6 4. Be3 d5 5. h3 dxe4 6. Nxe4 Nf6 7. Nxf6+ Bxf6 8. Nf3 0-0 9. c3 Bf5 10. Bc4 Be4 11. 0-0 Bxf3 12. Qxf3 e6 13. g3 Nd7 14. Bh6 Bg7 15. Bxg7 Kxg7 16. Rfe1 Qf6 17. Qe4 Qf5 18. Qxf5 gxf5 19. g4 fxg4 20. hxg4 Nf6 21. f3 Rh8 22. Kf2 Rag8 23. Rh1 h6 24. Rh4 h5 25. g5 Nd5 26. Rah1 Ne7 27. Rxh5 Rxh5 28. Rxh5 Kg6 29. Rh1 Kxg5 30. Bd3 Rd8 31. Rh7 Kf6 32. Be4 Nd5 33. Rh4 b5 34. Ke2 Rg8 35. Rh2 Rg1 36. Kd2 Ra1 37. a3 a5 38. Bxd5 cxd5 39. Rh8 b4 40. cxb4 axb4 41. axb4 Ke7 42. b5 Kd7 43. Kc3 Rc1+ 44. Kb4 Kc7 45. Rf8 Kb6 46. Rb8+ Kc7 47. Ra8 Kb7 48. Rf8 Kb6 49. Rb8+ 1/2-1/2

[Event "Mitropa Cup (Women)"]
[Site "Steinbrunn"]
[Date "2005.05.24"]
[Round "4"]
[White "Saric, Kristina"]
[Black "Lematschko, Tatjana"]
[Result "0-1"]
[WhiteElo "2147"]
[BlackElo "2231"]
[PlyCount "104"]
[EventDate "2005.05.21"]
[EventType "team-tourn"]
[EventRounds "9"]
[EventCountry "AUT"]
[SourceTitle "CBM 106 Extra"]
[Source "ChessBase"]
[SourceDate "2005.07.01"]
[SourceVersion "1"]
[SourceVersionDate "2005.07.01"]
[SourceQuality "1"]
[WhiteTeam "Croatia (W)"]
[BlackTeam "Switzerland (W)"]
[WhiteTeamCountry "CRO"]
[BlackTeamCountry "SUI"]

1. e4 c6 2. Nc3 d5 3. Nf3 a6 4. d4 Bg4 5. e5 e6 6. h3 Bxf3 7. Qxf3 c5 8. dxc5 Bxc5 9. Qg3 g6 10. Bd3 Qc7 11. 0-0 f5 12. Ne2 Nc6 13. Bf4 Nb4 14. a3 Nxd3 15. Qxd3 Rc8 16. Rac1 Ne7 17. h4 Ba7 18. Be3 Bb8 19. f4 Kf7 20. Nd4 Qc4 21. Rfd1 Ba7 22. g3 Bxd4 23. Bxd4 Qxd3 24. Rxd3 Rc4 25. c3 Rc6 26. Kf2 h6 27. Rh1 b5 28. Rdd1 h5 29. Ke3 Rb8 30. Ra1 Nc8 31. Rhc1 Rc4 32. Kd3 Ke8 33. Rc2 Kd7 34. Rcc1 Ne7 35. Rd1 a5 36. Rdb1 a4 37. Rd1 Nc6 38. Ke3 Na5 39. Rd3 Rc6 40. Rad1 Nc4+ 41. Ke2 Nxb2 42. Rb1 Nxd3 43. Kxd3 Rc4 44. Ra1 Kc6 45. Ra2 Kb7 46. Rb2 Ka6 47. Rb1 Rbc8 48. Ra1 Rxd4+ 49. cxd4 b4 50. axb4 Kb5 51. Rb1 Rc4 52. Ra1 Rxb4 0-1